[Event "Olympiad-35"]
[Site "Bled"]
[Date "2002.10.31"]
[Round "6.2"]
[White "Faraj, Yahya Saleh"]
[Black "Barrios, Ramon"]
[Result "1/2-1/2"]
[WhiteElo "2217"]
[BlackElo "2268"]
[PlyCount "36"]
[EventDate "2002.10.26"]
[EventType "team-swiss"]
[EventRounds "14"]
[EventCountry "SLO"]
[SourceTitle "EXT 2003"]
[Source "ChessBase"]
[SourceDate "2002.11.25"]
[SourceVersion "1"]
[SourceVersionDate "2002.11.25"]
[SourceQuality "1"]
[WhiteTeam "Yemen"]
[BlackTeam "Nicaragua"]
[WhiteTeamCountry "YEM"]
[BlackTeamCountry "NCA"]

1. Nf3 Nf6 2. c4 e6 3. d4 d5 4. Nc3 Be7 5. Bg5 0-0 6. e3 b6 7. cxd5 Nxd5 8. Bxe7 Qxe7 9. Nxd5 exd5 10. Bd3 c5 11. dxc5 bxc5 12. 0-0 Bb7 13. Rc1 Nd7 14. Qa4 c4 15. Bb1 g6 16. Rfd1 Nb6 17. Qa5 Rfd8 18. Bc2 Rd6 1/2-1/2

[Event "Olympiad-35"]
[Site "Bled"]
[Date "2002.10.29"]
[Round "4.2"]
[White "Barrios, Ramon"]
[Black "Georgiev, Veselin"]
[Result "0-1"]
[WhiteElo "2268"]
[BlackElo "2310"]
[PlyCount "72"]
[EventDate "2002.10.26"]
[EventType "team-swiss"]
[EventRounds "14"]
[EventCountry "SLO"]
[SourceTitle "EXT 2003"]
[Source "ChessBase"]
[SourceDate "2002.11.25"]
[SourceVersion "1"]
[SourceVersionDate "2002.11.25"]
[SourceQuality "1"]
[WhiteTeam "Nicaragua"]
[BlackTeam "ICSC"]
[WhiteTeamCountry "NCA"]

1. d4 Nf6 2. Nc3 g6 3. e4 d6 4. f3 Nbd7 5. Be3 c6 6. Qd2 b5 7. a3 a6 8. Bh6 Bxh6 9. Qxh6 Qb6 10. Qd2 Bb7 11. Nh3 e5 12. 0-0-0 0-0 13. dxe5 dxe5 14. Qh6 Rfd8 15. Be2 c5 16. Rd2 Nf8 17. Rhd1 Ne6 18. Ng5 Rd4 19. Nxe6 Qxe6 20. b3 Rad8 21. a4 c4 22. Kb2 b4 23. Bxc4 bxc3+ 24. Kxc3 Qb6 25. Rxd4 Rxd4 26. Rd2 Rd3+ 27. Rxd3 Qd4+ 28. Kb4 Bd5 29. Qg5 Kg7 30. f4 Bxc4 31. bxc4 Qb6+ 32. Ka3 Qe3 33. Ka2 exf4 34. Qe5 Qd2 35. Kb3 a5 36. c5 Qb4+ 0-1

[Event "Olympiad-33"]
[Site "Elista"]
[Date "1998.10.09"]
[Round "10.3"]
[White "Manzanilla, Ernesto"]
[Black "Barrios, Ramon"]
[Result "1/2-1/2"]
[WhiteElo "2200"]
[BlackElo "2245"]
[PlyCount "78"]
[EventDate "1998.09.29"]
[EventType "team-swiss"]
[EventRounds "13"]
[EventCountry "RUS"]
[SourceTitle "CBM 068"]
[Source "ChessBase"]
[SourceDate "1999.02.01"]
[SourceVersion "1"]
[SourceVersionDate "1999.02.01"]
[SourceQuality "1"]
[WhiteTeam "Guernsey"]
[BlackTeam "Nicaragua"]
[WhiteTeamCountry "GCI"]
[BlackTeamCountry "NCA"]

1. e4 d6 2. d4 Nf6 3. Bd3 e5 4. c3 Be7 5. f3 h6 6. Ne2 0-0 7. Be3 Nh7 8. 0-0 Bg5 9. Bf2 Nc6 10. d5 Nb8 11. c4 b6 12. Nbc3 a5 13. a3 Na6 14. Kh1 Nc5 15. Bc2 f5 16. exf5 Bxf5 17. Bxf5 Rxf5 18. Ng3 Rf7 19. b4 axb4 20. axb4 Rxa1 21. Qxa1 Nd3 22. Bg1 Nxb4 23. Rd1 Nc2 24. Qa4 Ne3 25. Rd3 Nf5 26. Nge4 Be7 27. Qc6 Bf8 28. Nb5 Nf6 29. Ra3 Nxe4 30. fxe4 Nh4 31. Rg3 g5 32. h3 Ng6 33. Ra3 Nf4 34. Rf3 Ne2 35. Rxf7 Kxf7 36. Qxc7+ Qxc7 37. Nxc7 Ng3+ 38. Kh2 Nf1+ 39. Kh1 Ng3+ 1/2-1/2

[Event "Olympiad-33"]
[Site "Elista"]
[Date "1998.10.07"]
[Round "9.3"]
[White "Barrios, Ramon"]
[Black "Mohd, A Altaher"]
[Result "1/2-1/2"]
[WhiteElo "2245"]
[BlackElo "2180"]
[PlyCount "74"]
[EventDate "1998.09.29"]
[EventType "team-swiss"]
[EventRounds "13"]
[EventCountry "RUS"]
[SourceTitle "CBM 068"]
[Source "ChessBase"]
[SourceDate "1999.02.01"]
[SourceVersion "1"]
[SourceVersionDate "1999.02.01"]
[SourceQuality "1"]
[WhiteTeam "Nicaragua"]
[BlackTeam "United Arab Emirates"]
[WhiteTeamCountry "NCA"]
[BlackTeamCountry "UAE"]

1. d4 d5 2. Nf3 Nf6 3. g3 Bf5 4. Bg2 e6 5. 0-0 h6 6. c4 c6 7. cxd5 exd5 8. Nc3 Bd6 9. Re1 0-0 10. Nh4 Bh7 11. e4 dxe4 12. Nxe4 Nxe4 13. Bxe4 Bxe4 14. Rxe4 Qf6 15. Qf3 Qxf3 16. Nxf3 Nd7 17. Bd2 Rae8 18. Rae1 Rxe4 19. Rxe4 Nf6 20. Re2 Rd8 21. Nh4 Nd5 22. Nf5 Bf8 23. a3 Kh7 24. h3 g6 25. Nh4 Nc7 26. Nf3 Ne6 27. Bc3 Bg7 28. Rd2 c5 29. dxc5 Rxd2 30. Nxd2 Bxc3 31. bxc3 Nxc5 32. Kf1 Kg7 33. Ke2 Kf6 34. Ke3 Ke5 35. f4+ Kd5 36. c4+ Kc6 37. Kd4 Nd7 1/2-1/2

[Event "Olympiad-33"]
[Site "Elista"]
[Date "1998.10.02"]
[Round "4.3"]
[White "Barrios, Ramon"]
[Black "Cots Paltor, Jordi"]
[Result "1/2-1/2"]
[WhiteElo "2245"]
[BlackElo "2125"]
[PlyCount "22"]
[EventDate "1998.09.29"]
[EventType "team-swiss"]
[EventRounds "13"]
[EventCountry "RUS"]
[SourceTitle "CBM 068"]
[Source "ChessBase"]
[SourceDate "1999.02.01"]
[SourceVersion "1"]
[SourceVersionDate "1999.02.01"]
[SourceQuality "1"]
[WhiteTeam "Nicaragua"]
[BlackTeam "Andorra"]
[WhiteTeamCountry "NCA"]
[BlackTeamCountry "AND"]

1. d4 f5 2. Nc3 Nf6 3. Bg5 e6 4. e4 fxe4 5. Nxe4 Be7 6. Bxf6 Bxf6 7. Nf3 0-0 8. Bd3 Nc6 9. Nxf6+ Qxf6 10. 0-0 b6 11. Qd2 Bb7 1/2-1/2

[Event "Olympiad-33"]
[Site "Elista"]
[Date "1998.09.29"]
[Round "1.3"]
[White "Barrios, Ramon"]
[Black "Kostenko, Petr"]
[Result "0-1"]
[WhiteElo "2245"]
[BlackElo "2470"]
[PlyCount "82"]
[EventDate "1998.09.29"]
[EventType "team-swiss"]
[EventRounds "13"]
[EventCountry "RUS"]
[SourceTitle "CBM 068"]
[Source "ChessBase"]
[SourceDate "1999.02.01"]
[SourceVersion "1"]
[SourceVersionDate "1999.02.01"]
[SourceQuality "1"]
[WhiteTeam "Nicaragua"]
[BlackTeam "Kazakhstan"]
[WhiteTeamCountry "NCA"]
[BlackTeamCountry "KAZ"]

1. e4 c5 2. Nf3 e6 3. d4 cxd4 4. Nxd4 a6 5. Nc3 b5 6. Bd3 Qb6 7. Nf3 Nc6 8. 0-0 Bb7 9. Bf4 d6 10. a3 Nf6 11. Qe1 Be7 12. Ne2 0-0 13. c3 Rac8 14. Ng3 Na5 15. Qe2 Nb3 16. Rad1 Nc5 17. Bb1 a5 18. Rfe1 Rfe8 19. h3 Ba6 20. Qc2 b4 21. e5 dxe5 22. Bxe5 g6 23. Qc1 Ncd7 24. Bd4 Qc6 25. Ne5 Nxe5 26. Bxe5 bxa3 27. bxa3 Red8 28. Rxd8+ Rxd8 29. Ne4 Ne8 30. Qf4 Bb7 31. Qg3 f6 32. Bf4 e5 33. Bh6 Ng7 34. Nd2 Kh8 35. Nf3 Nh5 36. Qh4 Qxc3 37. Rc1 Qxa3 38. Nxe5 fxe5 39. Qg4 Qb4 40. Qe6 Qd6 41. Qf7 Qd5 0-1

[Event "Olympiad-32"]
[Site "Yerevan"]
[Date "1996.09.28"]
[Round "12.2"]
[White "Atlas, Dimitry"]
[Black "Barrios, Ramon"]
[Result "1-0"]
[WhiteElo "2295"]
[BlackElo "2160"]
[PlyCount "83"]
[EventDate "1996.09.15"]
[EventType "team-swiss"]
[EventRounds "14"]
[EventCountry "ARM"]
[SourceTitle "CBM 055"]
[Source "ChessBase"]
[SourceDate "1996.12.01"]
[SourceVersion "1"]
[SourceVersionDate "1996.12.01"]
[SourceQuality "1"]
[WhiteTeam "Liechtenstein"]
[BlackTeam "Nicaragua"]
[WhiteTeamCountry "LIE"]
[BlackTeamCountry "NCA"]

1. e4 e5 2. Bc4 Nf6 3. d3 Be7 4. Nf3 d6 5. c3 0-0 6. Nbd2 Nc6 7. Bb3 a5 8. 0-0 h6 9. Re1 Nh7 10. Nf1 Ng5 11. Nxg5 Bxg5 12. Ng3 Bxc1 13. Rxc1 Qg5 14. d4 Ne7 15. Qh5 Qxh5 16. Nxh5 Bg4 17. Ng3 Rad8 18. Nf1 Ng6 19. Ne3 Be6 20. g3 Bxb3 21. axb3 Ne7 22. Nc4 Nc6 23. d5 b5 24. Ne3 Ne7 25. c4 b4 26. c5 f5 27. cxd6 cxd6 28. Rc7 f4 29. Nc4 fxg3 30. hxg3 Ng6 31. Ra1 Rf3 32. Rxa5 Rf7 33. Raa7 Rxc7 34. Rxc7 Kf8 35. Rb7 h5 36. Rxb4 Ke8 37. Rb6 Ke7 38. Ne3 Kf7 39. Nf5 Nf8 40. Nxd6+ Kg8 41. Nc4 Nd7 42. Rd6 1-0

[Event "Olympiad-31"]
[Site "Moscow"]
[Date "1994.12.11"]
[Round "10.3"]
[White "Barrios, Ramon"]
[Black "Jooty, A."]
[Result "1/2-1/2"]
[WhiteElo "2130"]
[BlackElo "2205"]
[PlyCount "60"]
[EventDate "1994.12.01"]
[EventType "team-swiss"]
[EventRounds "14"]
[EventCountry "RUS"]
[SourceTitle "CBM 045"]
[Source "ChessBase"]
[SourceDate "1995.04.01"]
[SourceVersion "1"]
[SourceVersionDate "1995.04.01"]
[SourceQuality "1"]
[WhiteTeam "Nicaragua"]
[BlackTeam "Mauritius"]
[WhiteTeamCountry "NCA"]
[BlackTeamCountry "MRI"]

1. e4 e6 2. d4 d5 3. e5 c5 4. c3 Nc6 5. Nf3 a6 6. Be2 cxd4 7. cxd4 Bb4+ 8. Nc3 Nge7 9. 0-0 0-0 10. Bd3 Nf5 11. Bxf5 exf5 12. Bg5 Be7 13. Bxe7 Nxe7 14. Re1 h6 15. Qb3 Rb8 16. Na4 Bd7 17. Nc5 Bc6 18. e6 f6 19. Rac1 Re8 20. a4 Qd6 21. g3 g5 22. Kg2 Kg7 23. Qd3 Kh8 24. b4 f4 25. Kh1 Rbd8 26. b5 b6 27. Nxa6 Bb7 28. Nc7 Rc8 29. Qc2 fxg3 30. hxg3 Bc6 1/2-1/2

[Event "Olympiad-31"]
[Site "Moscow"]
[Date "1994.12.08"]
[Round "7.3"]
[White "Barrios, Ramon"]
[Black "Mossong, Hubert"]
[Result "0-1"]
[WhiteElo "2130"]
[BlackElo "2275"]
[PlyCount "76"]
[EventDate "1994.12.01"]
[EventType "team-swiss"]
[EventRounds "14"]
[EventCountry "RUS"]
[SourceTitle "CBM 045"]
[Source "ChessBase"]
[SourceDate "1995.04.01"]
[SourceVersion "1"]
[SourceVersionDate "1995.04.01"]
[SourceQuality "1"]
[WhiteTeam "Nicaragua"]
[BlackTeam "Luxembourg"]
[WhiteTeamCountry "NCA"]
[BlackTeamCountry "LUX"]

1. e4 c5 2. Nf3 Nc6 3. d4 cxd4 4. Nxd4 Nf6 5. Nc3 e5 6. Ndb5 d6 7. Bg5 a6 8. Na3 Be6 9. Nc4 Rc8 10. Ne3 Be7 11. Bxf6 Bxf6 12. g3 Bg5 13. Ned5 Nd4 14. Bg2 Bxd5 15. exd5 f5 16. 0-0 Bf6 17. Qd2 0-0 18. Rfc1 Qa5 19. Kh1 Rc7 20. a3 Rfc8 21. Bf1 b5 22. Bd3 Qb6 23. Qe3 Qb7 24. f3 g6 25. h4 a5 26. h5 b4 27. axb4 Qxb4 28. Ra2 Rf8 29. hxg6 hxg6 30. Kg2 Rh7 31. Rh1 Rff7 32. Rxh7 Rxh7 33. g4 Qc5 34. gxf5 gxf5 35. Na4 Rg7+ 36. Kf1 Qxd5 37. c3 Qxa2 38. cxd4 Qxa4 0-1

[Event "Cordoba op"]
[Site "Cordoba"]
[Date "1994.??.??"]
[Round "1"]
[White "Barrios, Ramon"]
[Black "Urday Caceres, Henry"]
[Result "0-1"]
[WhiteElo "2130"]
[BlackElo "2470"]
[PlyCount "46"]
[EventDate "1994.07.??"]
[EventType "swiss"]
[EventRounds "9"]
[EventCountry "ESP"]
[SourceTitle "EXT 1997"]
[Source "ChessBase"]
[SourceDate "1996.11.15"]
[SourceVersion "1"]
[SourceVersionDate "1996.11.15"]
[SourceQuality "1"]

1. e4 c5 2. Nf3 Nc6 3. Bb5 e6 4. Qe2 Nge7 5. c3 a6 6. Ba4 Ng6 7. Bxc6 bxc6 8. d4 cxd4 9. cxd4 a5 10. Nc3 Ba6 11. Qc2 Be7 12. Be3 0-0 13. Ne2 f5 14. exf5 Rxf5 15. Ng3 Bb4+ 16. Nd2 Rd5 17. 0-0-0 c5 18. dxc5 Bd3 19. Qa4 Bxc5 20. Nb1 Rc8 21. Nc3 Bxe3+ 22. fxe3 Qb6 23. Rhe1 Rxc3+ 0-1